| 000 | 01594cam a2200361 a 4500 | ||
|---|---|---|---|
| 001 | 673031 | ||
| 003 | OSt | ||
| 005 | 20140310182037.0 | ||
| 008 | 950830s1996 enk b 001 0 eng | ||
| 010 | _a 95041328 | ||
| 020 | _a0198263821 (alk. paper) | ||
| 020 | _a019826397X (pbk. : alk. paper) | ||
| 040 |
_aDLC _cDLC _dDLC |
||
| 050 | 0 | 0 |
_aBT 205 _b.Ev83 1996 |
| 082 | 0 | 0 |
_aHS 232.908 _bEv15 1996 |
| 100 | 1 |
_aEvans, C. Stephen. _910794 |
|
| 245 | 1 | 4 |
_aThe historical Christ and the Jesus of faith : _bthe incarnational narrative as history / _cC. Stephen Evans. |
| 260 |
_aOxford : _bClarendon Press ; _aNew York : _bOxford University Press, _cc1996. |
||
| 300 |
_a386 p. : _c22 cm. |
||
| 500 | _aIncludes bibliographical references (p. [356]-367) and index. | ||
| 600 | 0 | 0 |
_aJesus Christ _xPerson and offices _xBiblical teaching. _910795 |
| 600 | 0 | 0 |
_aJesus Christ _xHistoricity. _910796 |
| 630 | 0 | 0 |
_aBible. _pN.T. _pGospels _xCriticism, interpretation, etc. _xHistory _y20th century. _910797 |
| 630 | 0 | 0 |
_aBible. _pN.T. _pGospels _xEvidences, authority, etc. _910798 |
| 650 | 0 |
_aIncarnation _xBiblical teaching. _910799 |
|
| 650 | 0 |
_aAtonement _xBiblical teaching. _910800 |
|
| 856 | 4 | 2 |
_3Publisher description _uhttp://www.loc.gov/catdir/enhancements/fy0605/95041328-d.html |
| 856 | 4 | 2 |
_3Contributor biographical information _uhttp://www.loc.gov/catdir/enhancements/fy0724/95041328-b.html |
| 906 |
_a7 _bcbc _corignew _d1 _eocip _f19 _gy-gencatlg |
||
| 942 |
_2lcc _cHS _kHS |
||
| 999 |
_c8703 _d8703 |
||